000 00388cam a2200157ua 4500
020 _cRs.2/-
041 _aeng
_h
082 _a828.09
_bMUL/BU
100 _aMullik, B.R .
245 _aBunyans the Pilgrims Progress /
_cMullik, B.R.
_hTextual Documents
260 _a :
_bS.Chand and Co ,
_c1961.
300 _a42 ; .
365 _aRs.2/-
504 _a
999 _c11737
_d11737